5 Majeur NBA 2024-2025 (Conférence Est) - Statistiques

Statistiques générales
  • Ce quiz a été pris 346 fois
    191 depuis la dernière actualisation
  • Le résultat moyen est 47 sur 75
Statistiques - réponses
Hint Réponse % Correct
Boston Celtic Jayson Tatum
99%
Boston Celtic Jaylen Brown
96%
Atlanta Hawks Trae Young
95%
Charlotte Hornets Lamelo Ball
94%
Indiana Pacers Tyrese Haliburton
93%
Cleveland Cavaliers Donovan Mitchell
92%
Boston Celtic Derrick White
91%
Chicago Bulls Coby White
90%
Detroit Pistons Cade Cunningham
88%
New York Knicks Jalen Brunson
88%
Philadelphie 76ers Joel Embiid
88%
Boston Celtic Krisatps Porzingis
88%
New York Knicks Karl Anthony Towns
87%
Miami Heat Bam Adebayo
86%
Cleveland Cavaliers Darius Garland
86%
Milwaukee Bucks Giannis Antetokounmpo
86%
Cleveland Cavaliers Jarrett Allen
84%
Boston Celtic Jrue Holiday
84%
Cleveland Cavaliers Evan Mobley
83%
New York Knicks Mikal Bridges
83%
Charlotte Hornets Miles Bridges
83%
Indiana Pacers Pascal Siakam
83%
Philadelphie 76ers Tyrese Maxey
83%
Orlando Magic Paolo Banchero
80%
Atlanta Hawks Zaccharie Risacher
79%
Indiana Pacers Myles Turner
77%
Milwaukee Bucks Damian Lillard
76%
Philadelphie 76ers Paul George
75%
Washington Wizards Alex Sarr
74%
Washington Wizards Bilal Coulibaly
74%
Orlando Magic Franz Wagner
74%
New York Knicks Josh Hart
73%
Atlanta Hawks Clint Capela
70%
Toronto Raptors Scottie Barnes
69%
Milwaukee Bucks Brook Lopez
68%
Brooklyn Nets Cameron Thomas
68%
Miami Heat Jimmy Butler
68%
New York Knicks Ogugua Anunoby
68%
Atlanta Hawks Jalen Johnson
67%
Washington Wizards Jordan Poole
66%
Detroit Pistons Jalen Duren
64%
Chicago Bulls Nikola Vucevic
64%
Milwaukee Bucks Khris Middleton
63%
Charlotte Hornets Grant Williams
59%
Charlotte Hornets Mark Williams
59%
Chicago Bulls Patrick Williams
59%
Indiana Pacers Andrew Nembhard
57%
Chicago Bulls Josh Giddey
56%
Orlando Magic Jalen Suggs
55%
Atlanta Hawks Dyson Daniels
54%
Cleveland Cavaliers Max Strus
53%
Detroit Pistons Tobias Harris
53%
Detroit Pistons Amen Thompson
52%
Washington Wizards Kyle Kuzma
52%
Toronto Raptors Rowan Barrett
52%
Miami Heat Tyler Hero
52%
Chicago Bulls Zach Lavine
51%
Indiana Pacers Aaron Nesmith
50%
Brooklyn Nets Nic Claxton
50%
Charlotte Hornets Brandon Miller
48%
Orlando Magic Wendell Carter Junior
38%
Toronto Raptors Immanuel Quickley
37%
Detroit Pistons Malik Beasley
37%
Philadelphie 76ers Kelly Oubre Jr
34%
Miami Heat Terry Rozier
30%
Orlando Magic Kentavious Caldwell-Pope
26%
Brooklyn Nets Dennis Schroder
25%
Toronto Raptors Jakob Poeltl
22%
Washington Wizards Jonas Valanciunas
18%
Milwaukee Bucks Andre Jackson Jr
16%
Brooklyn Nets Ben Simmons
14%
Brooklyn Nets Dorian Finney Smith
14%
Miami Heat Luka Jovic
14%
Philadelphie 76ers Caleb Martin
8%
Toronto Raptors Kelly Olynyk
5%
Aucun quiz correspondant
Distribution des résultats
% des personnes avec chaque résultat
Percentile par nombre de réponses
Votre historique - résultats
Vous n’avez pas pris ce quiz depuis la dernière actualisation